F1 Drivers Champions 1950-2021 - Statistics

General Stats
  • This quiz has been taken 450 times
  • The average score is 59 of 72
Answer Stats
Hint Answer % Correct
2008 Lewis Hamilton
99%
2014 Lewis Hamilton
99%
2015 Lewis Hamilton
99%
2017 Lewis Hamilton
99%
2018 Lewis Hamilton
99%
2019 Lewis Hamilton
99%
2020 Lewis Hamilton
99%
1994 Michael Schumacher
98%
1995 Michael Schumacher
98%
2000 Michael Schumacher
98%
2001 Michael Schumacher
98%
2002 Michael Schumacher
98%
2003 Michael Schumacher
98%
2004 Michael Schumacher
98%
2021 Max Verstappen
97%
2010 Sebastian Vettel
97%
2011 Sebastian Vettel
97%
2012 Sebastian Vettel
97%
2013 Sebastian Vettel
97%
2016 Nico Rosberg
96%
1988 Ayrton Senna
95%
1990 Ayrton Senna
95%
1991 Ayrton Senna
95%
2005 Fernando Alonso
95%
2006 Fernando Alonso
95%
2007 Kimi Raikkonen
95%
1982 Keke Rosberg
93%
2009 Jenson Button
91%
1985 Alain Prost
90%
1986 Alain Prost
90%
1989 Alain Prost
90%
1993 Alain Prost
90%
1951 Juan Manuel Fangio
87%
1954 Juan Manuel Fangio
87%
1955 Juan Manuel Fangio
87%
1956 Juan Manuel Fangio
87%
1957 Juan Manuel Fangio
87%
1975 Niki Lauda
86%
1977 Niki Lauda
86%
1984 Niki Lauda
86%
1996 Damon Hill
85%
1998 Mika Hakkinen
85%
1999 Mika Hakkinen
85%
1962 Graham Hill
83%
1968 Graham Hill
83%
1961 Phil Hill
83%
1997 Jacques Villeneuve
77%
1976 James Hunt
76%
1981 Nelson Piquet
76%
1983 Nelson Piquet
76%
1987 Nelson Piquet
76%
1992 Nigel Mansell
75%
1952 Alberto Ascari
70%
1953 Alberto Ascari
70%
1969 Jackie Stewart
68%
1971 Jackie Stewart
68%
1973 Jackie Stewart
68%
1972 Emerson Fittipaldi
65%
1974 Emerson Fittipaldi
65%
1950 Guiseppe Farina
63%
1959 Jack Brabham
63%
1960 Jack Brabham
63%
1966 Jack Brabham
63%
1963 Jim Clark
62%
1965 Jim Clark
62%
1979 Jody Scheckter
56%
1978 Mario Andretti
55%
1980 Alan Jones
51%
1970 Jochen Rindt
50%
1958 Mike Hawthorn
48%
1967 Denny Hulme
47%
1964 John Surtees
47%
No matching quizzes found
Score Distribution
Percent of People with Each Score
Percentile by Number Answered
Your Score History
You have not taken this quiz